000 00571nam a2200205 4500
001 126861
003 ES-MaACL
005 20230906192909.0
007 t|
008 070214s1971 sp r ||||1| spa d
100 1 _aRey, Emilio.
_996489
245 1 0 _aMadres de subnormales /
_cEmilio Rey.
260 _aMadrid :
_bAlameda,
_c1971.
300 _a61 p. ;
_c17 cm.
490 1 _aOtra mujer ;
_v11
650 4 _aNiños con discapacidad mental-
_xEducación.
_9148837
830 1 _aOtra mujer ;
_v11
_9182021
852 _aES-MaACL
_jC-44930
999 _c126861
_d126861